000 03248cam a2200361 4500500
005 20251228050625.0
041 _afre
042 _adc
100 1 0 _aGarbagnoli, Sara
_eauthor
700 1 0 _aNoûs, Camille
_eauthor
245 0 0 _aQuestions minoritaires, réponses majeures : remarques sur la colère majoritaire
260 _c2020.
500 _a50
520 _aEn écho à diverses controverses sur le genre et sur la race qui ont traversé le champ politique français au cours des dernières années, les savoirs minoritaires se sont heurtés à une nouvelle vague de fortes résistances. En analysant les permanences rhétoriques du discours anti-minoritaire ainsi que ses spécificités actuelles (opposition à ladite « théorie du genre », rejet de la catégorie de race), l’article démontre que la pensée de Colette Guillaumin demeure pertinente pour analyser la logique et les enjeux de cette offensive. Dans tout son œuvre, Guillaumin a réfléchi aux oppositions que soulève la prise de parole minoritaire et a contribué à forger les concepts ciblés par les attaques en cours (minoritaire, race, racisation).
520 _aEchoing various controversies on gender and race that have arisen in the French political arena in recent years, minority knowledge has faced a new wave of strong resistance. By analyzing the rhetorical persistence of anti-minority discourse as well as its current specificities (opposition to the so-called “gender theory”, rejection of the category of race), the article shows the ongoing relevance of Colette Guillaumin’s ideas today in analyzing the rationale and stakes of this offensive. Throughout her work, Guillaumin has been engaged in reflecting on the oppositions raised by minority voices and has helped to forge the concepts targeted by the current attacks (minority, race, racization).
520 _aParalelamente a las diversas controversias sobre género y raza que han atravesado la arena política francesa en los últimos años, el conocimiento minoritario se ha encontrado con una nueva ola de fuerte resistencia. Analizando la persistencia retórica del discurso anti-minorítarixs así como sus especificidades actuales (oposición a la llamada "teoría del género", rechazo de la categoría de la raza), el artículo muestra que el pensamiento de Colette Guillaumin sigue siendo relevante para analizar la lógica y lo que esta en juego en esta ofensiva. A lo largo de su trabajo, Guillaumin ha reflexionado sobre las oposiciones que surgen frente a los discursos minoritarios y ha contribuido a forjar los conceptos que son objeto de los ataques actuales (minorítarixs, raza, racialización).
690 _aanti-genre
690 _aantiracisme
690 _aétudes minoritaires
690 _aféminisme
690 _agenre
690 _aracisation
690 _aracisme
690 _aanti-gender
690 _aantiracism
690 _afeminism
690 _agender
690 _aminority studies
690 _aracism
690 _aracization
786 0 _nCahiers du Genre | 68 | 1 | 2020-10-27 | p. 55-73 | 1298-6046
856 4 1 _uhttps://shs.cairn.info/revue-cahiers-du-genre-2020-1-page-55?lang=fr&redirect-ssocas=7080
999 _c1580815
_d1580815